| 000 | 00353nam a22001457a 4500 | ||
|---|---|---|---|
| 003 | OSt | ||
| 008 | 250206b |||||||| |||| 00| 0 eng d | ||
| 041 | _aeng | ||
| 082 |
_a604.2 _bBHA/EL |
||
| 100 |
_aBHATT, ND _96828 |
||
| 245 | _aELEMENTARY ENGINEERING DRAWING | ||
| 260 |
_aAnand: _bCharotar Publishing House, _c1993. |
||
| 300 | _a600p. | ||
| 942 | _cBK | ||
| 999 |
_c19315 _d19315 |
||